| 000 | 00796nam a2200217Ia 4500 | ||
|---|---|---|---|
| 999 |
_c39551 _d39551 |
||
| 001 | 6150 | ||
| 003 | GE_BSU | ||
| 005 | 20191206172226.0 | ||
| 008 | 181216s1989||||ge |||||||||||||| ||geo|| | ||
| 040 | _cGE_BSU | ||
| 041 | _ageo | ||
| 080 | _a821.353.1-32 გ-26 | ||
| 100 |
_aგეგეშიძე, გურამ. _95631 |
||
| 245 |
_aჟამი : _bმოთხრობები / _cგურამ გეგეშიძე ; რედ. მილიცა ჯაფარიძე. |
||
| 264 |
_aთბილისი : _bმერანი, _c1989. |
||
| 300 |
_a558 გვ. ; _c20 სმ. |
||
| 653 | _aმოთხრობები | ||
| 653 | _aჟამი | ||
| 700 |
_a ჯაფარიძე, მილიცა _eრედაქტორი _95709 |
||
| 942 |
_cBK _2udc |
||